1804 1030 1736 1740 1250 1605 1662 1051 1602 1580 1009 1662 1684 1873 1869 1270 1216 1201 1130 1903 1602 1474 1349 1497 1022 1564 1570 1088 1258 1811 1318 1799 1381 1487 1941 1894 1898 1807 1894 1197 1381 1948 1988 1204 1998 1372 1096 1852 1170 1991 1727 1655 1251 1871 1766 1060 1830 1097 1044 1063 1316 1359 1607 1891 1548 1889 1765 1900 1005 1160 1839 1918 1228 1486 1316 1315 1986 1045 1885 1369 1817 1707 1801 1596 1376 1577 1977 1884 1510 1478 1920 1459 1467 1497 1439 1784 1124 1837 1097 BCNSPRNW ULIB Ver.6.0+V

เปลี่ยนเป็นภาษาไทย

Change to English
 แสดงรายละเอียดบรรณานุกรม
  กลับหน้าหลัก

Brief Record : Get Marc (ISO 2709) : E-mail record : QR code < ปิดหน้าต่าง
LEADER : 00000nam 2200000uu 4500
001    13399128247
003     ULIB
008    220822s2557||||th 000 0 tha d
020    ^a9786162997013 (ล.3)
050  0 ^aนว^bก947ล^cล.3
100 0  ^aโก้วเล้ง
245 10 ^aลูกปลาน้อยเซียวฮื้อยี้ เล่ม 3. /^cโก้วเล้ง, เขียน ; น.นพรัตน์, แปล
246 30 ^aเซียวฮื้อยี้
250    ^aพิมพ์ครั้งที่ 1
260    ^aกรุงเทพฯ :^bสยามอินเตอร์บุ๊ค,^c2557
300    ^a6 เล่ม ;^c21 ซม.
650  4 ^aนวนิยายจีนกำลังภายใน
650  4 ^aนวนิยายจีน^xการแปลเป็นภาษาไทย
653    ^aOpen Your Eyes Project
700 0  ^aน.นพรัตน์,^eผู้แปล
945    ^p260^l0^i009352
999    ^aประนอม เกษจรัล
รายการนี้ยังไม่มีแท็ก
คุณยังไม่ได้ล็อกอิน คุณสามารถมีกิจกรรมร่วมกับเว็บไซต์ได้ แต่ต้องล็อกอินก่อน ::
  ล็อกอิน

รายการสื่อสารสนเทศ

ลำดับที่ ประเภท เลขเรียก/บาร์โค้ด สถานที่ สถานะ
1. นวนิยาย
นวนิยาย
นว ก947ล ล.3 ฉ.1 
  Barcode: 009352
ห้องสมุดวิทยาเขตสวรรค์ประชารักษ์
►หนังสือทั่วไป
บนชั้น

รายการใกล้เคียง
    ผู้แต่ง [โก้วเล้ง]

    หัวเรื่อง [นวนิยายจีนกำลังภายใน]

BibComment


ยังไม่เคยถูกคอมเมนท์

คอมเมนท์ทรัพยากรรายการนี้
  คอมเมนท์: ลูกปลาน้อยเซียวฮ..


 Copyright 2026. Bcnsprnw @Library